| 000 | 00525nam a2200193Ia 4500 | ||
|---|---|---|---|
| 003 | GCL | ||
| 008 | 140319s9999 xx 000 0 eng d | ||
| 040 |
_aGCL / _cGCL |
||
| 082 | 0 | 4 |
_a004.22 _bS P |
| 100 | 1 | _aSHARE, MIND | |
| 245 | 1 | 0 |
_aPCMCIA SYSTEM ARCHITECTURE 16-BIT PC CARDS / _cSHARE, MIND |
| 700 | 1 | _aANDERSON, DON | |
| 260 |
_a[S.N] : _bADDISON - WESLEY PUBLISHING COMPANY ، _c1995 |
||
| 300 | _a440 P | ||
| 650 | 0 | 4 | _aشعر الحرب |
| 650 | 0 | 4 | _aARCHITECTURE |
| 650 | 0 | 4 | _aPCMCIA SYSTEM |
| 942 |
_2ddc _cBK |
||
| 999 |
_c12222 _d12222 |
||